[Event "GER-chT U14 Girls"]
[Site "Neumuenster"]
[Date "2017.12.29"]
[Round "5.4"]
[White "Burger, Radena"]
[Black "Spreen, Merle"]
[Result "0-1"]
[WhiteElo "813"]
[BlackElo "866"]
[PlyCount "166"]
[EventDate "2017.12.26"]
[EventType "team-swiss"]
[EventRounds "7"]
[EventCountry "GER"]
[SourceTitle "CBM 182 Extra"]
[Source "ChessBase"]
[SourceDate "2018.02.23"]
[SourceVersion "1"]
[SourceVersionDate "2018.02.23"]
[SourceQuality "1"]
[WhiteTeam "Neumarkt"]
[BlackTeam "Vaterstetten"]
[WhiteTeamCountry "GER"]
[BlackTeamCountry "GER"]

1. e4 e5 2. Nf3 Nc6 3. Bc4 Bc5 4. 0-0 Nf6 5. Nc3 d6 6. h3 0-0 7. d3 h6 8. Be3 Be6 9. Qd2 Qd7 10. Na4 Bb4 11. c3 Ba5 12. b4 Bb6 13. Rab1 a5 14. b5 Ne7 15. Bxb6 c6 16. Qc2 cxb5 17. Bxb5 Qc8 18. Be3 Qc7 19. Bb6 Qc8 20. c4 Nc6 21. Qc3 Nh5 22. Rfe1 Nf4 23. Nh4 Bd7 24. c5 dxc5 25. Bxc5 Re8 26. Bc4 Be6 27. Qc1 Ne7 28. d4 Neg6 29. Nxg6 Nxg6 30. dxe5 Rb8 31. Nb6 Qxc5 32. Bxe6 Qe7 33. Bc4 Qxe5 34. Qc2 Qg5 35. Nd5 b5 36. Bxb5 Nh4 37. g3 Nf3+ 38. Kf1 Nxe1 39. Kxe1 Re5 40. h4 Qg6 41. Ne7+ Rxe7 42. Bd3 Rbe8 43. f3 Qxg3+ 44. Ke2 Qh2+ 45. Kd1 Qxh4 46. Qe2 Rd8 47. Rb3 a4 48. Ra3 Ra7 49. Qg2 Rd4 50. Rc3 Qd8 51. Qg4 Rad7 52. Ke2 Qb8 53. Qh5 g6 54. Qxh6 Rb4 55. Qh3 Rdb7 56. Kd2 Rb2+ 57. Bc2 Rxa2 58. Qh6 a3 59. f4 Rab2 60. Rh3 Qd8+ 61. Kc1 Qf6 62. e5 Qg7 63. Qg5 a2 64. Qd8+ Qf8 65. Qa5 f5 66. Qd5+ Kg7 67. Qa5 R7b5 68. Qc7+ Qf7 69. Rh7+ Kxh7 70. Qxf7+ Kh6 71. Qf8+ Kh5 72. Qh8+ Kg4 73. Qa8 Rb1+ 74. Bxb1 axb1Q+ 75. Kd2 Rb2+ 76. Kc3 Rb3+ 77. Kc4 Qd3+ 78. Kc5 Rb5+ 79. Kc6 Qd5+ 80. Kc7 Qxa8 81. Kd6 Qa6+ 82. Kc7 Rb7+ 83. Kc8 Qa8# 0-1